Nuevos gobiernos en América del Sur: del destino a la construcción de un futuro /
Furkejuvvon:
| Váldodahkki: | |
|---|---|
| Materiálatiipa: | Texto |
| Fáttát: | |
| Fáddágilkorat: |
Lasit fáddágilkoriid
Eai fáddágilkorat, Lasit vuosttaš fáddágilkora!
|
MARC
| LEADER | 00000 a a2200000 04500 | ||
|---|---|---|---|
| 001 | 10923 | ||
| 003 | |||
| 040 | |||
| 100 | |a Garcia, Marco Aurélio | ||
| 245 | |a Nuevos gobiernos en América del Sur: |b del destino a la construcción de un futuro / |c Marco Aurélio Garcia | ||
| 650 | |a ASPECTOS POLITICOS | ||
| 650 | |a CAMBIOS POLITICOS | ||
| 650 | |a INTEGRACION REGIONAL | ||
| 650 | |a IDEOLOGIAS | ||
| 650 | |a DEMOCRACIA | ||
| 650 | |a AMERICA LATINA | ||
| 773 | |g número 217; páginas 118-126 | ||
| 999 | |c 27825 |d 27825 | ||
